microeconomics (Record no. 9280)

MARC details
000 -LEADER
fixed length control field 00387nam a22001697a 4500
003 - CONTROL NUMBER IDENTIFIER
control field OSt
005 - DATE AND TIME OF LATEST TRANSACTION
control field 20240723131646.0
008 - FIXED-LENGTH DATA ELEMENTS--GENERAL INFORMATION
fixed length control field 240723b |||||||| |||| 00| 0 eng d
020 ## - INTERNATIONAL STANDARD BOOK NUMBER
International Standard Book Number 9780324785753
040 ## - CATALOGING SOURCE
Transcribing agency MUST
082 ## - DEWEY DECIMAL CLASSIFICATION NUMBER
Classification number 388.5 ARN 2008
245 ## - TITLE STATEMENT
Title microeconomics
300 ## - PHYSICAL DESCRIPTION
Extent xvi, 551p.
Other physical details ill.col
Dimensions 26cm.
504 ## - BIBLIOGRAPHY, ETC. NOTE
Bibliography, etc glossary
650 ## - SUBJECT ADDED ENTRY--TOPICAL TERM
Source of heading or term economics
942 ## - ADDED ENTRY ELEMENTS (KOHA)
Source of classification or shelving scheme Dewey Decimal Classification
Koha item type Open Shelf
Holdings
Withdrawn status Lost status Source of classification or shelving scheme Damaged status Not for loan Home library Current library Date acquired Source of acquisition Inventory number Total Checkouts Full call number Barcode Date last seen Price effective from Koha item type
    Dewey Decimal Classification     MUST Main Library MUST Main Library 23/07/2024 Donation 14/37486   388.5 ARN 2008 2024-22150 23/07/2024 23/07/2024 Open Shelf
    Dewey Decimal Classification     MUST Main Library MUST Main Library 23/07/2024 Donation 14/37486   388.5 ARN 2008 2024-22151 23/07/2024 23/07/2024 Open Shelf